00750 2200217 4500001002100000005001700021008004100038035002400079082001000103090002100113100001200134245018000146260002800326300003400354500006700388500002400455650002300479850000900502985000600511999001500517YOGYA-0209000007395720090227093748.0 ind  0010-020900000073957 a338.1 a338.1bSut PlSK aSUTARNO aPengaruh tingkat kerjasama kelompok tani terhadap penerapan teknologi dan pendapatan petani padi sawah di Kecamatan Bantul,Kabupaten Bantul Daerah Istimewa Yogyakarta. Sutarno aYogyakartab[s.n]c1995 axviii,164 lembarbilusc29 cm aSkripsi Fakultas Pertanian Universitas Muhammadiyah Yogyakarta aBibliografi:hlm.110 aPenghasilan petani aBPAD a1 a08A0036633